=LDR 00000nam 2200000 4500 =001 INLIS000000000020131 =005 20130612115120 =008 ***********************************Ind** =035 ##$$a0010-061300000020131 =041 ##$$a Ind =082 ##$$a 501 =090 ##$$a 501, Sud p =100 ##$$a Sudojo, Peter =245 ##$$a Pengantar sejarah dan filsafat ilmu pengetahuan alam, oleh Peter Sujono =260 ##$$a 2004 $b Jakarta =300 ##$$a ix, 105 hlm, ilus, 21 cm =650 ##$$a Ilmu Pengetahuan Alam-Sejarah =850 ##$$a NBPNMAT =990 ##$$a 90627/BPAP-NTB/2014 =990 ##$$a 90680/BPAP-NTB/2014 =990 ##$$a 90871/BPAP-NTB/2014